Historia de la iglesia
Uloženo v:
| Hlavní autor: | |
|---|---|
| Médium: | Kniha |
| Jazyk: | španělština |
| Vydáno: |
Bogotá, Colombia
San Pablo
2004
|
| Témata: | |
| Tagy: |
Přidat tag
Žádné tagy, Buďte první, kdo vytvoří štítek k tomuto záznamu!
|
MARC
| LEADER | 00000nam a2200000 a 4500 | ||
|---|---|---|---|
| 001 | UCK6003 | ||
| 003 | CL-VaPUC | ||
| 005 | 20230322094844.0 | ||
| 008 | 050902e20040000CK |||||||||||||||||spa|d | ||
| 999 | |c 314405 |d 314403 | ||
| 040 | |c Pontificia Universidad Católica de Valparaíso | ||
| 082 | 0 | 4 | |a 270 PAT 2004 |2 21 |
| 100 | |a Patiño Franco, José Uriel |e autor |9 495056 | ||
| 245 | 1 | 0 | |a Historia de la iglesia |
| 260 | 0 | 3 | |a Bogotá, Colombia |b San Pablo |c 2004 |
| 300 | |a volumen. | ||
| 505 | |a v.3: La barca de Pedro frente a las tempestades ideológicas: del enfrentamiento al diálogo, siglos XVI-XX | ||
| 583 | |a last modification |c 20050902 00:00:00 |k Rodrigo Vera | ||
| 650 | 0 | |a Cristianismo |9 257361 | |
| 650 | 7 | |a REFORMA RELIGIOSA |2 CL-VaPUC |9 257490 | |
| 650 | 0 | |a Absolutismo |9 257456 | |
| 650 | 7 | |a EVANGELIZACION |2 CL-VaPUC |9 495057 | |
| 942 | |c BK |2 ddc | ||
| 945 | |d 20050902 00:00:00 |a cmena | ||
| 952 | |0 0 |1 0 |2 ddc |4 0 |6 270_000000000000000_PAT_2004 |7 0 |8 A |9 386667 |a BIBTEO |b BIBTEO |d 2019-11-22 |h v.3 |i 4158822 |o 270 PAT 2004 |p 4158822 |r 2025-01-17 |t 1 |w 2019-11-22 |y BK |k ICR | ||